[Event "Sables d'Olonne op 6th"]
[Site "Sables d'Olonne"]
[Date "2019.07.16"]
[Round "5"]
[White "Vion, Jean Francois"]
[Black "Renault, Jerome"]
[Result "0-1"]
[WhiteElo "1960"]
[BlackElo "2097"]
[PlyCount "122"]
[EventDate "2019.07.13"]
[EventType "swiss"]
[EventRounds "9"]
[EventCountry "FRA"]
[SourceTitle "EXT 2020"]
[Source "ChessBase"]
[SourceDate "2019.10.17"]
[SourceVersion "1"]
[SourceVersionDate "2019.10.17"]
[SourceQuality "1"]

1. e4 c5 2. Nf3 d6 3. d4 cxd4 4. Nxd4 Nf6 5. Nc3 e6 6. Bc4 a6 7. Bb3 Nbd7 8. f4 Nc5 9. Qf3 Nxb3 10. axb3 Qc7 11. Be3 e5 12. Nde2 Bg4 13. Qf2 Qc6 14. Ng3 h5 15. h3 h4 16. Nf1 Bh5 17. Nd2 Be7 18. 0-0 b5 19. fxe5 dxe5 20. Qf5 b4 21. Na4 Bd6 22. Nc4 0-0 23. Nxd6 Qxd6 24. Bc5 Qc7 25. Bxf8 Rxf8 26. Qg5 Bg6 27. c4 Nxe4 28. Qxh4 Nd2 29. Rfe1 Nxb3 30. Ra2 Nd4 31. b3 Bc2 32. Nb2 a5 33. Qg3 Bxb3 34. Raa1 Ra8 35. Qxe5 Qxe5 36. Rxe5 a4 37. Nxa4 Nc2 38. Rb1 Bxa4 39. c5 Rc8 40. Rb2 f6 41. Rd5 Rb8 42. Rd6 Rc8 43. Rd5 b3 44. Kf2 Kf7 45. g3 Ke6 46. Rd6+ Ke5 47. Ra6 Bb5 48. Rb6 Bc4 49. Rb7 Kd4 50. R2xb3 Bxb3 51. Rxb3 Rxc5 52. Kf3 Rf5+ 53. Kg4 Rg5+ 54. Kf4 g6 55. g4 Rc5 56. h4 g5+ 57. hxg5 fxg5+ 58. Kf3 Ne1+ 59. Ke2 Re5+ 60. Kf2 Nd3+ 61. Kf3 Re3+ 0-1

[Event "Sables d'Olonne op 6th"]
[Site "Sables d'Olonne"]
[Date "2019.07.15"]
[Round "3"]
[White "Vion, Jean Francois"]
[Black "Dalaud, Dorian"]
[Result "1-0"]
[WhiteElo "1960"]
[BlackElo "2220"]
[PlyCount "101"]
[EventDate "2019.07.13"]
[EventType "swiss"]
[EventRounds "9"]
[EventCountry "FRA"]
[SourceTitle "EXT 2020"]
[Source "ChessBase"]
[SourceDate "2019.10.17"]
[SourceVersion "1"]
[SourceVersionDate "2019.10.17"]
[SourceQuality "1"]

1. e4 c5 2. Nf3 Nc6 3. d4 cxd4 4. Nxd4 Nf6 5. Nc3 d6 6. Bc4 Bd7 7. Bb3 e6 8. Be3 Be7 9. Qe2 a6 10. 0-0-0 Qc7 11. g4 h5 12. gxh5 0-0-0 13. Rhg1 Nxh5 14. f4 Nxd4 15. Rxd4 b5 16. Na4 Kb8 17. Nc3 Qb7 18. f5 Rc8 19. Rgd1 Nf6 20. Bf2 Rxh2 21. e5 Rxf2 22. Qxf2 dxe5 23. R4d3 exf5 24. Nd5 Ng4 25. Qe1 Bc5 26. Ne7 Bxe7 27. Rxd7 Rc7 28. Bd5 Qc8 29. Rxc7 Bg5+ 30. Kb1 Qxc7 31. Qb4 Be7 32. Qb3 f6 33. a4 Qb6 34. Be6 Bd6 35. Bxf5 Ne3 36. Rxd6 Qxd6 37. Qxe3 bxa4 38. Qe4 a3 39. bxa3 Qxa3 40. Qc4 Qd6 41. Qg8+ Kc7 42. Qxg7+ Kd8 43. Qb7 Ke8 44. Ka2 Kd8 45. Kb3 Ke8 46. Bd3 Qe6+ 47. Bc4 Qd6 48. Bxa6 f5 49. Bc4 Qd1 50. Qf7+ Kd8 51. Qf6+ 1-0

[Event "Angers op 7th"]
[Site "Angers"]
[Date "2012.04.21"]
[Round "4"]
[White "Vion, Jean Francois"]
[Black "Hereus, Daniel"]
[Result "1-0"]
[WhiteElo "2078"]
[BlackElo "1607"]
[PlyCount "69"]
[EventDate "2012.04.20"]
[EventType "swiss"]
[EventRounds "6"]
[EventCountry "FRA"]
[SourceTitle "CBM 148 Extra"]
[Source "ChessBase"]
[SourceDate "2012.06.22"]
[SourceVersion "1"]
[SourceVersionDate "2012.06.22"]
[SourceQuality "1"]

1. e4 d5 2. exd5 Qxd5 3. Nc3 Qa5 4. d4 c6 5. Bc4 Nf6 6. Bd2 Qc7 7. Qe2 Bf5 8. 0-0-0 e6 9. Nf3 Nbd7 10. Nh4 Bg6 11. h3 Bd6 12. Kb1 0-0-0 13. Rhe1 Rhe8 14. Qf1 Kb8 15. Nxg6 hxg6 16. Bb3 Nb6 17. g3 a5 18. a4 Nfd5 19. Ne4 Nd7 20. Nxd6 Qxd6 21. c4 Nb4 22. Bf4 e5 23. dxe5 Qe6 24. Qe2 Nc5 25. Bc2 Nxc2 26. Qxc2 Ka7 27. g4 b6 28. b3 Rh8 29. Qc3 Rxd1+ 30. Rxd1 g5 31. Be3 Rxh3 32. Qd4 Rh4 33. Qd6 Ne4 34. Qc7+ Ka6 35. Qxb6# 1-0

[Event "FRA-chT3 0405"]
[Site "France"]
[Date "2005.04.02"]
[Round "8"]
[White "Vion, Jean Francois"]
[Black "Illien, Jean Marc"]
[Result "1-0"]
[WhiteElo "2133"]
[BlackElo "2112"]
[PlyCount "43"]
[EventDate "2004.10.10"]
[EventType "team"]
[EventRounds "9"]
[EventCountry "FRA"]
[SourceTitle "EXT 2007"]
[Source "ChessBase"]
[SourceDate "2006.11.23"]
[SourceVersion "1"]
[SourceVersionDate "2006.11.23"]
[SourceQuality "1"]

1. e4 c5 2. Nf3 Nc6 3. d4 cxd4 4. Nxd4 g6 5. Nc3 Bg7 6. Nb3 Bxc3+ 7. bxc3 Nf6 8. Bd3 d5 9. exd5 Nxd5 10. Bd2 0-0 11. 0-0 Qc7 12. Re1 Ne5 13. Qe2 Nxd3 14. cxd3 Nxc3 15. Qf3 Nb5 16. Rac1 Qd6 17. Bf4 Qf6 18. Qe3 e6 19. a4 Na3 20. Bd6 Qb2 21. Be5 Qxb3 22. Bf6 1-0

[Event "FRA-chT3 0405"]
[Site "France"]
[Date "2004.11.07"]
[Round "3"]
[White "Trovalet, Sylvain"]
[Black "Vion, Jean Francois"]
[Result "1/2-1/2"]
[WhiteElo "2081"]
[BlackElo "2133"]
[PlyCount "71"]
[EventDate "2004.10.10"]
[EventType "team"]
[EventRounds "9"]
[EventCountry "FRA"]
[SourceTitle "EXT 2007"]
[Source "ChessBase"]
[SourceDate "2006.11.23"]
[SourceVersion "1"]
[SourceVersionDate "2006.11.23"]
[SourceQuality "1"]

1. d4 Nf6 2. c4 e6 3. Nc3 Bb4 4. e3 c5 5. Nge2 cxd4 6. exd4 0-0 7. a3 Be7 8. g3 a6 9. Bg2 Qc7 10. Qd3 d6 11. 0-0 Nbd7 12. b3 Rb8 13. Bf4 b6 14. b4 Nh5 15. Be3 Nhf6 16. Rfc1 Bb7 17. Bxb7 Qxb7 18. Bf4 Rbc8 19. Ra2 Rfd8 20. Nb1 Ne5 21. dxe5 dxe5 22. Qb3 exf4 23. Nxf4 Rd7 24. Nd2 Rcd8 25. Nf1 e5 26. Ng2 Rd3 27. Qb2 Qc7 28. Ne1 R3d4 29. Nf3 Rxc4 30. Rxc4 Qxc4 31. Nxe5 Qe4 32. Qe2 Kf8 33. Qxe4 Nxe4 34. Nc6 Rd7 35. Nxe7 Rxe7 36. Ne3 1/2-1/2

[Event "FRA-chT3 0405"]
[Site "France"]
[Date "2004.11.06"]
[Round "2"]
[White "Vion, Jean Francois"]
[Black "Caron, Pascal"]
[Result "0-1"]
[WhiteElo "2133"]
[BlackElo "2114"]
[PlyCount "154"]
[EventDate "2004.10.10"]
[EventType "team"]
[EventRounds "9"]
[EventCountry "FRA"]
[SourceTitle "EXT 2007"]
[Source "ChessBase"]
[SourceDate "2006.11.23"]
[SourceVersion "1"]
[SourceVersionDate "2006.11.23"]
[SourceQuality "1"]

1. e4 d6 2. d4 Nf6 3. Nc3 Nbd7 4. Nf3 e5 5. Bc4 Be7 6. 0-0 0-0 7. Re1 c6 8. a4 exd4 9. Qxd4 Ne5 10. Be2 Nfg4 11. Bf4 Bf6 12. Nxe5 dxe5 13. Qxd8 Rxd8 14. Bg3 Be6 15. h3 Nh6 16. Rad1 Kf8 17. f3 Ng8 18. Bf2 Be7 19. Rxd8+ Bxd8 20. Bc5+ Be7 21. Be3 Nf6 22. a5 Nd7 23. Na4 Ke8 24. Rd1 Bb4 25. a6 b5 26. Nc3 Bc5 27. Kf2 Bxe3+ 28. Kxe3 Nc5 29. b3 Ke7 30. Ra1 Bc8 31. Nd1 Nxa6 32. Nb2 Nc5 33. b4 Ne6 34. Nd3 f6 35. c3 g5 36. g3 Kd7 37. Rd1 Kc7 38. Rb1 Kb6 39. h4 gxh4 40. gxh4 a5 41. bxa5+ Rxa5 42. Nf2 Kc7 43. Nd3 Ra3 44. Kd2 Kd6 45. Rb2 Nc5 46. Nxc5 Kxc5 47. Rb1 Be6 48. Bd3 Ra2+ 49. Bc2 Ra7 50. Ke3 Rg7 51. Kf2 Bh3 52. Bd3 Rg2+ 53. Ke3 Be6 54. Rh1 Bc4 55. Rh3 Be6 56. Rh1 Rg3 57. Rh2 Rh3 58. Rxh3 Bxh3 59. f4 Be6 60. fxe5 fxe5 61. Kd2 Bc4 62. Bc2 Bf1 63. Ke1 Bh3 64. Bd3 Kd6 65. Kd2 Bg4 66. Kc2 Bf3 67. Kd2 Ke7 68. Ke3 Bg4 69. Kf2 Bd7 70. Kf3 c5 71. Be2 Bc6 72. Ke3 Bd7 73. Bh5 Kd6 74. Be2 Bc6 75. Bd1 c4 76. Kd2 Bxe4 77. Ke3 Bb1 0-1

[Event "FRA-chT2 0405"]
[Site "France"]
[Date "2004.10.10"]
[Round "1.3"]
[White "Vion, Jean Francois"]
[Black "Bruned, Boris"]
[Result "0-1"]
[WhiteElo "2133"]
[BlackElo "2173"]
[PlyCount "98"]
[EventDate "2004.10.10"]
[EventType "team"]
[EventRounds "11"]
[EventCountry "FRA"]
[SourceTitle "EXT 2006"]
[Source "ChessBase"]
[SourceDate "2005.11.24"]
[SourceVersion "1"]
[SourceVersionDate "2005.11.24"]
[SourceQuality "1"]
[WhiteTeam "Nantes"]
[BlackTeam "Brest"]
[WhiteTeamCountry "FRA"]
[BlackTeamCountry "FRA"]

1. e4 c5 2. Nf3 d6 3. d4 cxd4 4. Nxd4 Nf6 5. Nc3 a6 6. f4 e5 7. Nf3 Nbd7 8. Bc4 Be7 9. Qe2 b5 10. Bd5 Rb8 11. 0-0 0-0 12. a3 Qc7 13. Kh1 exf4 14. Bxf4 Nb6 15. Rad1 Nfxd5 16. Nxd5 Nxd5 17. exd5 Bg4 18. Qf2 Bxf3 19. gxf3 Rfe8 20. Rg1 Bf6 21. Qg3 Rbd8 22. Bh6 g6 23. c3 Qc4 24. Bg5 Bxg5 25. Qxg5 Qe2 26. Qf6 Qe5 27. Qh4 Qf5 28. Qg4 Qxg4 29. Rxg4 Re2 30. Re4 Rxb2 31. a4 Rb3 32. axb5 axb5 33. Kg2 Rxc3 34. Rb4 Rc5 35. Rdb1 Rb8 36. Rd1 Rc4 37. Rdb1 Rxb4 38. Rxb4 Kg7 39. Kg3 Kf6 40. Kf4 Rb7 41. h4 h5 42. Ke4 g5 43. hxg5+ Kxg5 44. Ke3 Kf5 45. Rh4 b4 46. Rxh5+ Kg6 47. Rh2 b3 48. Rb2 Kf5 49. Kd4 Kf4 0-1

[Event "Plancoet op 4th"]
[Site "Plancoet"]
[Date "2004.07.31"]
[Round "8"]
[White "Vion, Jean Francois"]
[Black "Kaulfuss, Helmut"]
[Result "0-1"]
[WhiteElo "2145"]
[BlackElo "2239"]
[PlyCount "70"]
[EventDate "2004.07.25"]
[EventType "swiss"]
[EventRounds "9"]
[EventCountry "FRA"]
[SourceTitle "CBM 101 Extra"]
[Source "ChessBase"]
[SourceDate "2004.09.01"]
[SourceVersion "2"]
[SourceVersionDate "2004.09.01"]
[SourceQuality "1"]

1. e4 Nc6 2. d4 e5 3. Nf3 exd4 4. Nxd4 Qf6 5. Nb5 Bc5 6. Qf3 Bb6 7. Qf4 d6 8. N1c3 a6 9. Na3 Be6 10. Nd5 Ba5+ 11. c3 Bxd5 12. exd5 Qxf4 13. Bxf4 Nce7 14. 0-0-0 Bb6 15. f3 Nf6 16. Bc4 0-0-0 17. Rhe1 Ng6 18. Bg5 Rde8 19. Bxf6 gxf6 20. Bf1 f5 21. Kd2 Nf4 22. Bd3 Nxg2 23. Bxf5+ Kd8 24. Rxe8+ Rxe8 25. Nc2 h6 26. c4 Nh4 27. Bg4 f5 28. Bh5 Rg8 29. Ne1 Rg5 30. Bf7 Rg1 31. a3 Rh1 32. Kd3 Bf2 33. Ke2 Rxh2 34. Nd3 Bd4+ 35. Kf1 Nxf3 0-1

[Event "Chambery op 8th"]
[Site "Chambery"]
[Date "2002.08.05"]
[Round "4"]
[White "Meng, Jean Philipp"]
[Black "Vion, Jean Francois"]
[Result "0-1"]
[WhiteElo "2095"]
[BlackElo "2258"]
[PlyCount "82"]
[EventDate "2002.08.02"]
[EventType "swiss"]
[EventRounds "9"]
[EventCountry "FRA"]
[SourceTitle "CBM 089 Extra"]
[Source "ChessBase"]
[SourceDate "2002.09.10"]
[SourceVersion "2"]
[SourceVersionDate "2002.09.10"]
[SourceQuality "1"]

1. e4 e5 2. Qe2 Nc6 3. Nf3 Nf6 4. g3 Bc5 5. Bg2 0-0 6. 0-0 Nd4 7. Nxd4 Bxd4 8. c3 Bb6 9. d3 d6 10. a4 c6 11. Be3 Bxe3 12. Qxe3 Ng4 13. Qe2 f5 14. f4 Qb6+ 15. Kh1 fxe4 16. dxe4 exf4 17. gxf4 Rf6 18. a5 Qc5 19. f5 Ne5 20. Nd2 a6 21. Rfd1 Bd7 22. Bf1 Re8 23. Nb3 Qa7 24. c4 Nf7 25. c5 d5 26. Ra4 Bxf5 27. Bg2 Bg6 28. Rf1 Rxf1+ 29. Qxf1 dxe4 30. Rd4 Qb8 31. Rd7 Ne5 32. Rd6 Nf3 33. Qc4+ Bf7 34. Qc2 Qc8 35. Nd4 Ne1 36. Qe2 Nxg2 37. Kxg2 e3 38. Kf1 Qh3+ 39. Ke1 Qh4+ 40. Kf1 Qf4+ 41. Ke1 Bd5 0-1

[Event "Checy op 1st"]
[Site "Checy"]
[Date "2002.05.19"]
[Round "4"]
[White "Vion, Jean Francois"]
[Black "Guth, Pierre"]
[Result "1-0"]
[WhiteElo "2227"]
[BlackElo "1920"]
[PlyCount "81"]
[EventDate "2002.05.18"]
[EventType "swiss"]
[EventRounds "6"]
[EventCountry "FRA"]
[SourceTitle "CBM 088 Extra"]
[Source "ChessBase"]
[SourceDate "2002.07.01"]
[SourceVersion "2"]
[SourceVersionDate "2002.07.01"]
[SourceQuality "1"]

1. e4 e6 2. d4 d5 3. Nc3 dxe4 4. Nxe4 Qd5 5. Nc3 Bb4 6. Qg4 g6 7. Bd2 Bxc3 8. Bxc3 b6 9. Be2 Nf6 10. Qg3 Qd6 11. d5 Nbd7 12. Qxd6 cxd6 13. dxe6 fxe6 14. 0-0-0 d5 15. Bb5 0-0 16. f3 Nc5 17. Nh3 Ba6 18. Bxa6 Nxa6 19. Rhe1 Rae8 20. Re2 Nd7 21. Rde1 Nc7 22. Ng5 h6 23. Nxe6 Nxe6 24. Rxe6 Kf7 25. Rxe8 Rxe8 26. Rxe8 Kxe8 27. Kd2 Ke7 28. Kd3 Ke6 29. Bg7 h5 30. Kd4 Nb8 31. Ke3 Nc6 32. a4 Ne7 33. g4 hxg4 34. fxg4 Nc6 35. c3 Nd8 36. Kf4 Nf7 37. h4 Nd6 38. Bd4 Nf7 39. h5 g5+ 40. Kg3 Nd6 41. h6 1-0

[Event "Checy op 1st"]
[Site "Checy"]
[Date "2002.05.18"]
[Round "2"]
[White "Vion, Jean Francois"]
[Black "Briquet, Jean Pierre"]
[Result "1-0"]
[WhiteElo "2227"]
[BlackElo "2094"]
[PlyCount "79"]
[EventDate "2002.05.18"]
[EventType "swiss"]
[EventRounds "6"]
[EventCountry "FRA"]
[SourceTitle "CBM 088 Extra"]
[Source "ChessBase"]
[SourceDate "2002.07.01"]
[SourceVersion "2"]
[SourceVersionDate "2002.07.01"]
[SourceQuality "1"]

1. e4 e6 2. d4 d5 3. Nc3 Bb4 4. e5 c5 5. a3 Bxc3+ 6. bxc3 Qc7 7. Qg4 f5 8. Qg3 cxd4 9. cxd4 Ne7 10. c3 0-0 11. Ne2 Nbc6 12. Nf4 Na5 13. Rb1 Bd7 14. h4 Rac8 15. Rh3 Rf7 16. Be2 a6 17. Bh5 g6 18. Be2 Rg7 19. h5 Qc6 20. h6 Rf7 21. Bh5 Kh8 22. Bxg6 hxg6 23. Nxg6+ Kh7 24. Nxe7 Rxe7 25. Qg5 Rf7 26. Rg3 Qxc3+ 27. Rxc3 Rxc3 28. Bd2 Rxa3 29. Bxa5 Rxa5 30. Rxb7 Ra1+ 31. Kd2 Rd1+ 32. Kxd1 Ba4+ 33. Kd2 Rxb7 34. Qf6 Be8 35. Qxe6 Bg6 36. Qxa6 Rb2+ 37. Ke3 f4+ 38. Kxf4 Rxf2+ 39. Kg3 Rf8 40. Qa2 1-0

[Event "Metz op 20th"]
[Site "Metz"]
[Date "2002.04.14"]
[Round "2"]
[White "Eingorn, Vereslav S"]
[Black "Vion, Jean Francois"]
[Result "1-0"]
[WhiteElo "2598"]
[BlackElo "2188"]
[PlyCount "37"]
[EventDate "2002.04.13"]
[EventType "swiss"]
[EventRounds "9"]
[EventCountry "FRA"]
[SourceTitle "CBM 087 Extra"]
[Source "ChessBase"]
[SourceDate "2002.05.03"]
[SourceVersion "2"]
[SourceVersionDate "2002.08.09"]
[SourceQuality "1"]

1. d4 d5 2. c4 e5 3. dxe5 d4 4. Nf3 Nc6 5. a3 Bg4 6. Nbd2 Qe7 7. h3 Bh5 8. g4 Bg6 9. Bg2 h5 10. g5 0-0-0 11. b4 Nxe5 12. Nxe5 Qxe5 13. Bb2 Qxg5 14. Nf3 Qf4 15. Qa4 a6 16. b5 Bc5 17. bxa6 b6 18. a7 Kb7 19. Nd2+ 1-0